Desigualdad y exclusión: doctrina social de la iglesia y realidad nacional

Պահպանված է:
Մատենագիտական մանրամասներ
Ձևաչափ: Տեքստ
Հրապարակվել է: San José: Vicaría Episcopal de Pastoral Social
Խորագրեր:
Ցուցիչներ: Ավելացրեք ցուցիչ
Չկան պիտակներ, Եղեք առաջինը, ով նշում է այս գրառումը!

MARC

LEADER 00000 a a2200000 04500
001 33300
003
040 |a CRAI/IIS  |c CRAI/IIS 
090 |a 0005 V628d  
245 |a Desigualdad y exclusión: doctrina social de la iglesia y realidad nacional  
260 |a San José:   |b Vicaría Episcopal de Pastoral Social  
300 |a 157 p.   |b map.  
650 |a DESIGUALDAD SOCIAL  
650 |a DESARROLLO HUMANO  
650 |a POBREZA  
650 |a POLITICA SOCIAL  
650 |a COSTA RICA  
999 |c 6372  |d 6372